Study o gastro-intestinal parasites in pigs in treang district takeo province, ការសិក្សាពីបរាសិតដែលកើតមាននៅក្នុងក្រពះពោះវៀនជ្រូកនៅស្រុកទ្រាំង ក្នុងខេត្ដតាកែវ (Record no. 2469)

000 -LEADER
fixed length control field 00667nam a22001337a 4500
040 ## - CATALOGING SOURCE
Transcribing agency RUA
082 ## - DEWEY DECIMAL CLASSIFICATION NUMBER
Classification number AVM EM 2010 B096 Or.1
100 ## - MAIN ENTRY--AUTHOR NAME
Personal name EM, SOTHOEURN.
245 ## - TITLE STATEMENT
Title Study o gastro-intestinal parasites in pigs in treang district takeo province, ការសិក្សាពីបរាសិតដែលកើតមាននៅក្នុងក្រពះពោះវៀនជ្រូកនៅស្រុកទ្រាំង ក្នុងខេត្ដតាកែវ
260 ## - PUBLICATION, DISTRIBUTION, ETC. (IMPRINT)
Place of publication Phnom Penh
Name of publisher RUA
Year of publication 2010
300 ## - PHYSICAL DESCRIPTION
Number of Pages viii; 46p.
Other physical details ill.
Dimensions 29cm.
856 ## - ELECTRONIC LOCATION AND ACCESS
Uniform Resource Identifier https://drive.google.com/file/d/1Cl5UVhFmS-isGRWqThVvj03OykDdVkNE/view?usp=sharing
942 ## - ADDED ENTRY ELEMENTS (KOHA)
Koha item type AVM
952 ## - LOCATION AND ITEM INFORMATION (KOHA)
Withdrawn status [LOCAL, KOHA] 0
952 ## - LOCATION AND ITEM INFORMATION (KOHA)
Withdrawn status [LOCAL, KOHA] 0
952 ## - LOCATION AND ITEM INFORMATION (KOHA)
Withdrawn status [LOCAL, KOHA] 0
952 ## - LOCATION AND ITEM INFORMATION (KOHA)
Withdrawn status [LOCAL, KOHA] 0
Holdings
Permanent Location Date acquired Koha item type Lost status Shelving location Barcode Current Location Full call number
Library Block B2015-10-21AVM B096RUA016756Library Block BAVM EM 2010 B096 Or.1
Library Block B2015-10-21AVM B096RUA019828Library Block BAVM EM 2010 B096 Or.2
Library Block B2015-10-21AVM B096RUA018653Library Block BAVM EM 2010 B096 Or.3
Library Block B2015-10-21AVM B096RUA019247Library Block BAVM EM 2010 B096 Or.4
មជ្ឈមណ្ឌលឯការនៃសាកលវិទ្យាល័យភូមិន្ទកសិកម្មចំការដូង

Powered by Koha